000 00423nam a2200181Ia 4500
003 LK-CoDNM
005 20241206144514.0
008 010623t1979 xxu||||| |||| 00| 1 eng d
040 _aLK-CoDNM
_dLK-CoDNM
_eLK-CoDNM
041 _aeng
080 _a294.3
_bPER
100 _aPremadasa,R.
245 _aWorld Peace via Dhamma
260 _bH.W.Cave
_c1979
300 _b52p. : 18 cm
650 _aBuddha
942 _cBK
999 _c110919
_d110919